000 00947nam a2200241 i 4500
001 67003
003 ES-MaACL
005 20230929062528.0
007 t|
008 900725s1980 sp ||||0| spa d
020 _a84-300-1967-7
080 _a92-057.36"18":860(042)
080 _a92-057.36"18":860(042)
100 1 _aDíez-Alegría Gutiérrez, Manuel.
_944674
245 1 0 _aEfímero esplendor
_b: la escuela literaria militar de la Gloriosa y la Restauración: discurso leído el día 20 de enero de 1980 en su recepción pública /
_cpor el Excmo. Sr. Don Manuel Díez-Alegría Gutiérrez ; y contestación del Excmo. Pedro Lain Entralgo.
260 _aMadrid :
_bReal Academia Española,
_c1980.
300 _a115 p ;
_c21 cm.
650 1 4 _aMilitares escritores.
_9152828
700 1 _aLaín Entralgo, Pedro,
_d1908-2001
_969681
710 2 _aReal Academia Española
_96336
852 _aES-MaACL
_j2170-F-4
999 _c67003
_d67003